| 000 | 00918cab a2200241 4500 | ||
|---|---|---|---|
| 001 | WB3014-15 | ||
| 008 | 090401t1994 xxu||||| |||| 00| 0 eng d | ||
| 035 | _a(Sirsi) u23964 | ||
| 041 | _aeng | ||
| 245 | _aBattle of the barrack square | ||
| 260 | _c1994 | ||
| 350 | _a0 | ||
| 490 |
_aDaily Telegraph _v13 April 1994, 25; 14 April 1994, 20(1) |
||
| 520 | _aReports on an important test case, the Peninsula Barracks in Winchester, for the future of military buildings how being pensioned off. The MoD has come critisism over its plans to demolish some of London`s most important military buildings, which have now been placed on English Heritage`s register of Buildings at Risk. | ||
| 650 | _aBUILDINGS AT RISK | ||
| 650 | _aDEFENCE ESTATE | ||
| 650 | _aLISTED BUILDINGS | ||
| 650 | _aMILITARY BUILDINGS | ||
| 650 | _aMINISTRY OF DEFENCE | ||
| 690 | _aCONSERVATION | ||
| 942 | _n0 | ||
| 948 | _c04/03/1997 | ||
| 999 |
_c16047 _d16047 |
||